00391nam a2200157Ia 4500008004100000041000800041082001100049100002700060245005100087250000800138260002300146300000800169542001500177551002700192650001400219220531s9999 xx 000 0 und d aeng a-bDAT aDate, S. G. And Others aInorganic Chemistry: First Term (semester Iii) a1ST aPunebManalic2015 a156 d02-07-2015 aSciencebNon-grant-SCI aChemistry